000 00575cam a22002171 4500
001 sa 65007356
003 DLC
005 20260227112148.0
008 881028s1961 xx 000 0 maro
010 _asa 65007356
035 _a(OCoLC)23571461
040 _aDLC
_cMiU
_dDLC
042 _apremarc
050 0 0 _aPK1718.T24
_bZ685
100 1 _aJoshi, Shripad,
_d1920-
_eed.
245 0 0 _aRavīndranātha āṇi Mahārāshṭra.
260 _c[1961]
300 _a6, 176, 2 p.
_bgroup port.
_c22 cm.
500 _aRomanized.
600 1 0 _aTagore, Rabindranath,
_d1861-1941
999 _c65154
_d65154